Ethical issues in surveying firms (Record no. 111183)

MARC details
000 -LEADER
fixed length control field 01575cad a22002295a 4500
001 - CONTROL NUMBER
control field L151134
008 - FIXED-LENGTH DATA ELEMENTS--GENERAL INFORMATION
fixed length control field 101004s2010 xxk f 000 0 eng d
020 ## - INTERNATIONAL STANDARD BOOK NUMBER
International Standard Book Number 9781904388883
035 ## - SYSTEM CONTROL NUMBER
System control number (Sirsi) u151134
041 0# - LANGUAGE CODE
Language code of text/sound track or separate title eng
050 04 - LIBRARY OF CONGRESS CALL NUMBER
Classification number 174.30994 22
100 1# - MAIN ENTRY--PERSONAL NAME
Personal name Edwards, Gethin
245 00 - TITLE STATEMENT
Title Ethical issues in surveying firms
Remainder of title does size matter?
Medium [electronic resource]
260 ## - PUBLICATION, DISTRIBUTION, ETC.
Place of publication, distribution, etc. Reading
Name of publisher, distributor, etc. College of Estate Management
Date of publication, distribution, etc. 2010
520 ## - SUMMARY, ETC.
Summary, etc. Compares different approaches to professional ethics between small (less than six chartered surveyors)and large surveying firms (more than 10 chartered surveyors). Examines how firms promote ethical behaviour, deal with ethical dilemmas faced by their staff and ensure compliance with RICS Professional Rules of Conduct. Concludes that a firm's ethical culture is defined by the attitudes, norms and values of those at managerial level rather than by size. Surveyors? ethics relate to age and experience and are affected by the culture of the employing firm, but not size. Stresses the importance of ethics throughout a surveyor's professional career. Although individuals and firms do things slightly differently, all chartered surveyors should engage in meeting an agreed set of professional standards.
590 ## - LOCAL NOTE (RLIN)
Local note KA
651 #4 - SUBJECT ADDED ENTRY--GEOGRAPHIC NAME
Geographic name United Kingdom
Chronological subdivision
690 ## - LOCAL SUBJECT ADDED ENTRY--TOPICAL TERM (OCLC, RLIN)
Topical term or geographic name as entry element MANAGEMENT-BUSINESS MANAGEMENT-PROFESSIONAL PRACTICE-PROFESSIONAL ETHICS
700 1# - ADDED ENTRY--PERSONAL NAME
Personal name Pottinger, Gaye
856 40 - ELECTRONIC LOCATION AND ACCESS
Uniform Resource Identifier <a href="https://www.rics.org/site/download_feed.aspx?fileID=7422&fileExtension=PDF">https://www.rics.org/site/download_feed.aspx?fileID=7422&fileExtension=PDF</a>
Public note View the item free of charge at www.rics.org
942 ## - ADDED ENTRY ELEMENTS (KOHA)
Suppress in OPAC 0
Holdings
Withdrawn status Lost status Source of classification or shelving scheme Damaged status Not for loan Home library Current library Shelving location Date acquired Total Checkouts Full call number Barcode Date last seen Copy number Price effective from Koha item type
    Dewey Decimal Classification     Virtual Virtual Online 04/10/2010   ONLINE PUBLICATION 151134-2001 06/08/2019 1 06/08/2019 Book